Rhetoric and reality : (Record no. 54274)

MARC details
000 -LEADER
fixed length control field 01029nam a22002297a 4500
005 - DATE AND TIME OF LATEST TRANSACTION
control field 20110722165916.0
010 ## - LCCN (DPL NO)
LC control number B-430999
020 ## - INTERNATIONAL STANDARD BOOK NUMBER
International Standard Book Number 9780195677041
Terms of availability 645.00
020 ## - INTERNATIONAL STANDARD BOOK NUMBER
International Standard Book Number 0195677048
Terms of availability 645.00
035 ## - SYSTEM CONTROL NUMBER
System control number B-430999
037 ## - SOURCE OF ACQUISITION
Source of stock number/acquisition Allied Publishers
082 ## - DEWEY DECIMAL CLASSIFICATION NUMBER
Classification number 305.30954
245 ## - TITLE STATEMENT
Title Rhetoric and reality :
Remainder of title gender and the colonial experience in South Asia /
Statement of responsibility, etc edited by Avril A. Powell and Siobhan Lambert-Hurley.
260 ## - PUBLICATION, DISTRIBUTION, ETC. (IMPRINT)
Place of publication, distribution, etc New Delhi
Name of publisher, distributor, etc Oxford University Press
Date of publication, distribution, etc 2006
300 ## - PHYSICAL DESCRIPTION
Extent viii, 320 p. ;
Dimensions 22cm. (Hb)
490 ## - SERIES STATEMENT
Series statement SOAS studies on South Asia
-- 30249
700 ## - ADDED ENTRY--PERSONAL NAME
Personal name Powell, Avril A
9 (RLIN) 30001
700 ## - ADDED ENTRY--PERSONAL NAME
Personal name Lambert-Hurley, Siobhan.
9 (RLIN) 30002
942 ## - ADDED ENTRY ELEMENTS (KOHA)
Source of classification or shelving scheme Dewey Decimal Classification
Item type English Books
Classification part 305.30954
Call number suffix RHE
Holdings
Withdrawn status Lost status Not for loan Collection code Home library Current library Date acquired Source of acquisition Cost, normal purchase price Full call number Barcode Copy number Cost, replacement price Koha item type
      Non-fiction Central Library Central Library 27/07/2011 Allied Publishers/CR/0002951/29.3.11/282/14.3.11/31.3.11 645.00 305.30954 RHE B-430999 1 645.00 English Books

© Delhi Public Library
Hit Counter
free hit counter